000 00696cam a22002413a 4500
001 12857
003 PGUSA
005 20140828083258.0
008 040708s2004||||xxu|||||s|||||000 | eng d
040 _aPGUSA
_beng
042 _adc
050 4 _aDA
100 1 _aHome, Gordon,
_d1878-1969
245 1 0 _aBeautiful Britain—Cambridge
_h[electronic resource] /
_cGordon Home
260 _bProject Gutenberg,
_c2004
506 _aPublic domain in the USA.
516 _aElectronic text
653 _aUniversity of Cambridge
653 _aCambridge (England) -- Description and travel
830 0 _aProject Gutenberg
_v12857
856 4 0 _uhttp://www.gutenberg.org/ebooks/12857
942 _cEB
999 _c242112
_d242112